000 00460nam a2200157 i 4500
001 185925
003 ES-MaACL
005 20230906222540.0
008 160825s1930 sp |||| | spa d
100 1 _aUngría Gargallo, Alfonso.
_9112016
245 1 0 _aGrandeza y servidumbre de la prensa /
_cAlfonso Ungría Gargallo.
260 _aMadrid :
_bEdit. España,
_c1930.
300 _a288 p. ;
_c19 cm.
650 0 4 _aPrensa.
_916351
852 _aES-MaACL
_jE-1161
999 _c185925
_d185925